00540nam a22001577a 450000500170000000800410001702000180005804100130007608200150008910000280010424501170013225000190024926000550026830000330032365000260035620240201143502.0240201b |||||||| |||| 00| 0 eng d a9781991213013 aEnglish  a342.8 NDE  aNdeunyema, N lEnglish  aRe-invigorating Ubuntu through Water : bA Human Right to Water under the Namibian Constitution / cN Ndeunyema  aFirst Edition  aPretoria : bPretoria University Law Press, c2021 bxxi, 270 pages ; c25,5 cm.  aLegal practice bLaw